This is the way we go to school : (Record no. 2270)

MARC details
000 -LEADER
fixed length control field 01000pam a2200289 a 4500
005 - DATE AND TIME OF LATEST TRANSACTION
control field 20250605090712.0
020 ## - INTERNATIONAL STANDARD BOOK NUMBER
International Standard Book Number 0590431617
020 ## - INTERNATIONAL STANDARD BOOK NUMBER
International Standard Book Number 9780590431620
040 ## - CATALOGING SOURCE
Original cataloging agency DLC
Transcribing agency DLC
Modifying agency DLC
Language of cataloging eng
050 00 - LIBRARY OF CONGRESS CALL NUMBER
Classification number TJ147
Item number .B24 1990
082 00 - DEWEY DECIMAL CLASSIFICATION NUMBER
Classification number 629.04
Edition number 20
100 1# - MAIN ENTRY--PERSONAL NAME
Personal name Baer, Edith
245 10 - TITLE STATEMENT
Title This is the way we go to school :
Remainder of title a book about children around the world /
Statement of responsibility, etc. Edith Baer ; illustrated by Steve Björkman.
260 ## - PUBLICATION, DISTRIBUTION, ETC.
Place of publication, distribution, etc. New York :
Name of publisher, distributor, etc. Scholastic,
Date of publication, distribution, etc. 1990
300 ## - PHYSICAL DESCRIPTION
Extent 36 unnumbered pages :
Other physical details Illustrations
Dimensions 25 cm
505 ## - FORMATTED CONTENTS NOTE
Formatted contents note K
520 ## - SUMMARY, ETC.
Summary, etc. Describes, in text and illustrations, the many different modes of transportation children all over the world use to get to school.
521 ## - TARGET AUDIENCE NOTE
Target audience note 600
Source Lexile
521 ## - TARGET AUDIENCE NOTE
Target audience note K
Source Raz-Plus
650 #0 - SUBJECT ADDED ENTRY--TOPICAL TERM
Topical term or geographic name entry element Vehicles
General subdivision Pictorial works
-- Juvenile literature.
650 #1 - SUBJECT ADDED ENTRY--TOPICAL TERM
Topical term or geographic name entry element Vehicles.
650 #1 - SUBJECT ADDED ENTRY--TOPICAL TERM
Topical term or geographic name entry element Transportation.
700 1# - ADDED ENTRY--PERSONAL NAME
Personal name Björkman, Steve
Relator term illustrator
906 ## - LOCAL DATA ELEMENT F, LDF (RLIN)
a 7
b cbu
c orignew
d 1
e ocip
f 19
g y-gencatlg
942 ## - ADDED ENTRY ELEMENTS (KOHA)
Source of classification or shelving scheme Dewey Decimal Classification
Koha item type Books
Suppress in OPAC No
999 ## -
-- 2270
-- 2270
Holdings
Withdrawn status Lost status Source of classification or shelving scheme Damaged status Not for loan Collection Home library Current library Shelving location Date acquired Total Checkouts Full call number Barcode Date last seen Date last checked out Price effective from Koha item type Copy number
    Dewey Decimal Classification     Juvenile Fiction Footprints International School Library Network Toul Kork Campus Footprints International School Library Network Toul Kork Campus TK Primary Library Room(4th Floor), Bookcase 3&4, Shelves 17-32, Yellow Books 11/14/2023 1 BAE 629.04 TJ147 2023-0744 03/05/2025 09/04/2024 11/14/2023 Books  
    Dewey Decimal Classification     Juvenile Fiction Footprints International School Library Network Toul Kork Campus Footprints International School Library Network Toul Kork Campus TK Primary Library Room(4th Floor), Bookcase 3&4, Shelves 17-32, Yellow Books 01/21/2025   BAE 629.04 TJ147 2025-0060 01/21/2025   01/21/2025 Books 2
    Dewey Decimal Classification     Juvenile Fiction Footprints International School Library Network Toul Tom Poung Campus Footprints International School Library Network Toul Tom Poung Campus TTP Primary Yellow Bookshelves 06/05/2025   BAE 629.04 TJ147 2025-1520 06/05/2025   06/05/2025 Books 3